mysqli: Table './ulib62015/stat_globaluid' is marked as crashed and should be repaired
select id from stat_globaluid where statuid='20260517200351_3898'
mysqli: Table './ulib62015/stat_globaluid' is marked as crashed and should be repaired
DELETE FROM stat_globaluid
WHERE id NOT IN (
SELECT id
FROM (
SELECT id
FROM stat_globaluid
ORDER BY id DESC
LIMIT 100
) foo
);
mysqli: Table './ulib62015/stat_globaluid' is marked as crashed and should be repaired
insert into stat_globaluid set
statuid='20260517200351_3898',
dt='1779023031',
phpself='/ULIB62015/dublinfull.php',
agent='Mozilla/5.0 AppleWebKit/537.36 (KHTML, like Gecko; compatible; ClaudeBot/1.0; +claudebot@anthropic.com)',
yea='2026',
mon='5',
dat='17',
ip='216.73.216.45'
mysqli: Table './ulib62015/stathist_viewbib_bib_type' is marked as crashed and should be repaired
insert into stathist_viewbib_bib_type set
dat='17' ,
mon='05' ,
yea='2026' ,
statuid='20260517200351_3898' ,
head='13399120322' ,
foot='marc' ,
dt='1779023031'
| LEADER : 00000nam 2200000uu 4500 |
| 008 020711s2554 th a 000 0 tha d |
| 060 HF5548.4.M56 ธ461 |
| 100 ธัญญา และขวัญฤดี ผลอนันต์ ; เขียนร่วม: โรสรินทร์ พุมฤทธิ์ |
| 245 iMindMap5 ซอฟต์แวร์ที่พลกโฉมหน้าของการเรียนรู้และความคิดสร้างสรรค์ในโลก |
| 260 ^bขวัญข้าว,^c2554 |
| 300 168 หน้า |
| 945 ^p250^l0^i019401
|
| 945 ^p0^l0^i019402
|
| 945 ^p0^l0^i019403 |
| คุณยังไม่ได้ล็อกอิน คุณสามารถมีกิจกรรมร่วมกับเว็บไซต์ได้ แต่ต้องล็อกอินก่อน :: |
|
|
|
| ลำดับที่ |
ประเภท |
เลขเรียก/บาร์โค้ด |
สถานที่ |
สถานะ |
| 1. |
 หนังสือ | HF5548.4.M56 ธ461 2554 ฉ.1 Barcode: 019401 | หนังสือทั่วไป | บนชั้น ขอยืม |
| 2. |
 หนังสือ | HF5548.4.M56 ธ461 2554 ฉ.2 Barcode: 019402 | หนังสือทั่วไป | บนชั้น ขอยืม |
| 3. |
 หนังสือ | HF5548.4.M56 ธ461 2554 ฉ.3 Barcode: 019403 | หนังสือทั่วไป | บนชั้น ขอยืม |
|
ยังไม่เคยถูกคอมเมนท์
|
| คอมเมนท์ทรัพยากรรายการนี้ |
|